Prezidentské voľby v Ekvádore 2017

Prezidentské voľby v Ekvádore boli poznačené rozdelením spoločnosti na dva politické tábory, ktoré veľmi ťažko môžu dosiahnuť vzájomný kompromis. Ich víťazom sa stal Lenín Moreno kandidát najsilnejšej ekvádorskej politickej sily a zároveň vládnej strany Alianza Pais. Bývalý ekvádorský viceprezident...

Descrizione completa

Salvato in:
Dettagli Bibliografici
Autore principale: Kucharčík, Rudolf, 1977-
Natura: Capitolo di libro
Lingua:slovacco
Soggetti:
Tags: Aggiungi Tag
Nessun Tag, puoi essere il primo ad aggiungerne!!

MARC

LEADER 00000nla a2200000 4500
001 0236371
005 20240502073826.2
041 0 |a slo 
044 |a SK 
245 1 0 |a Prezidentské voľby v Ekvádore 2017  |c Rudolf Kucharčík 
520 |a Prezidentské voľby v Ekvádore boli poznačené rozdelením spoločnosti na dva politické tábory, ktoré veľmi ťažko môžu dosiahnuť vzájomný kompromis. Ich víťazom sa stal Lenín Moreno kandidát najsilnejšej ekvádorskej politickej sily a zároveň vládnej strany Alianza Pais. Bývalý ekvádorský viceprezident Lenín Moreno nastupuje do pozície prezidenta v situácii, keď mu Rafael Correa zanechal rozporuplné politické dedičstvo. 
610 2 0 |a voľby 
610 2 0 |a prezidenti 
610 2 0 |a strany politické 
610 2 0 |a strany vládne 
610 2 0 |a Ekvádor 
100 1 |a Kucharčík, Rudolf, 1977-